[Event "Centrocoop op"]
[Site "Eforie Nord"]
[Date "2000.??.??"]
[Round "?"]
[White "Andries, Eugen"]
[Black "Izraelyants, Karen"]
[Result "0-1"]
[WhiteElo "1655"]
[BlackElo "2165"]
[PlyCount "114"]
[EventDate "2000.??.??"]
[EventType "swiss"]
[EventRounds "9"]
[EventCountry "ROU"]
[SourceTitle "EXT 2004"]
[Source "ChessBase"]
[SourceDate "2003.11.25"]
[SourceVersion "1"]
[SourceVersionDate "2003.11.25"]
[SourceQuality "1"]

1. e4 c6 2. Nf3 d5 3. exd5 cxd5 4. Bb5+ Bd7 5. Qe2 a6 6. Bxd7+ Nxd7 7. Nc3 e6 8. a3 Ngf6 9. d4 Bd6 10. Bg5 Qc7 11. 0-0 0-0 12. Rfe1 Rac8 13. Rac1 h6 14. Bh4 Qc4 15. Ne5 Qxd4 16. Bg3 Nxe5 17. Bxe5 Bxe5 18. Qxe5 Qxe5 19. Rxe5 Rc4 20. f3 Rfc8 21. Re2 d4 22. Na2 d3 23. Rd2 Rxc2 24. Rcd1 Nd5 25. Rxd3 Rxb2 26. R1d2 Rcc2 27. Rxc2 Rxc2 28. Nb4 Rc3 29. Rxc3 Nxc3 30. Kf2 Kf8 31. Ke3 a5 32. Nc2 Nd5+ 33. Kd4 b5 34. Kc5 b4 35. axb4 axb4 36. Nxb4 Nxb4 37. Kxb4 Ke7 38. Kc5 Kd7 39. g3 h5 40. h4 f6 41. f4 Ke7 42. Kc4 Kd6 43. Kd4 e5+ 44. Ke4 Ke6 45. fxe5 fxe5 46. Ke3 Kf5 47. Kf3 e4+ 48. Ke3 Ke5 49. Ke2 Kd4 50. Kd2 e3+ 51. Ke2 Ke4 52. Ke1 Kf3 53. Kf1 e2+ 54. Ke1 Ke3 55. g4 hxg4 56. h5 g3 57. h6 g2 0-1

[Event "Centrocoop op"]
[Site "Eforie Nord"]
[Date "2000.??.??"]
[Round "?"]
[White "Izraelyants, Karen"]
[Black "Staflin, Soren"]
[Result "1/2-1/2"]
[WhiteElo "2165"]
[BlackElo "1750"]
[PlyCount "140"]
[EventDate "2000.??.??"]
[EventType "swiss"]
[EventRounds "9"]
[EventCountry "ROU"]
[SourceTitle "EXT 2004"]
[Source "ChessBase"]
[SourceDate "2003.11.25"]
[SourceVersion "1"]
[SourceVersionDate "2003.11.25"]
[SourceQuality "1"]

1. c4 f5 2. d4 Nf6 3. Nf3 g6 4. g3 Bg7 5. Bg2 d6 6. Nc3 0-0 7. 0-0 Nc6 8. d5 Na5 9. Qd3 c5 10. b3 Rb8 11. Nd2 a6 12. a3 b6 13. Rb1 Bd7 14. Re1 b5 15. cxb5 axb5 16. b4 Nb7 17. Nxb5 c4 18. Qxc4 Rc8 19. Qd3 Qb6 20. Nd4 Ne4 21. Bb2 Rc3 22. Bxc3 Nxc3 23. Qxc3 Bxd4 24. Qf3 Nd8 25. Nc4 Qb5 26. Qd3 Ba7 27. e3 Nf7 28. a4 Qb8 29. b5 Bc5 30. Rb2 Ne5 31. Qb3 Nxc4 32. Qxc4 Qa7 33. Reb1 Bb6 34. Qh4 Re8 35. Bf1 Kg7 36. h3 h6 37. Qb4 Rc8 38. e4 fxe4 39. Qxe4 Bf5 40. Qe1 Bxb1 41. Qxb1 Qxa4 42. Re2 Kf7 43. Re4 Qc2 44. Rf4+ Ke8 45. Qe1 Qc3 46. Qxc3 Rxc3 47. Kg2 g5 48. Rc4 Rxc4 49. Bxc4 Kf7 50. f4 gxf4 51. gxf4 Kf6 52. Kg3 Kf5 53. Bd3+ Kf6 54. Kg4 Bf2 55. Kf3 Bb6 56. Ke4 Bc5 57. Be2 Bb4 58. Bg4 Bc5 59. h4 Bb6 60. h5 Bc5 61. Kd3 Bb6 62. Kc3 Ba5+ 63. Kb3 Kg7 64. Ka4 Bb6 65. Kb4 Kf6 66. Kc4 Kg7 67. Kd3 Kf6 68. Be6 Kg7 69. Ke4 Kf6 70. Bd7 Bc5 1/2-1/2